000 00553nam a22001697a 4500
005 20251108172814.0
008 250721s2004 xx 000 0 ara d
082 1 4 _a956.50224/شيخ
100 1 _aابو شيخة، عيسى موسى
245 1 0 _aجلالة الملك عبد الله الثاني - نقاط على الحروف /
264 1 _aعمان :
_bالمؤلف،
_c2004.
300 _a516 ص.
650 1 7 _aتاريخ الأردن
650 1 7 _aعهد الملك عبد الله الثاني 1999-
942 _2ddc
_cBK
999 _c88926
_d88926